Anuario de estadística y catastro de la Dirección de Agricultura / (Record no. 56933)

MARC details
000 -LEADER
campo de control de longitud fija 00794nam a2200193 i 4500
001 - NÚMERO DE CONTROL
campo de control 56933
003 - IDENTIFICADOR DE NÚMERO DE CONTROL
campo de control ES-MaACL
005 - FECHA Y HORA DE LA ÚLTIMA TRANSACCIÓN
campo de control 20230906163458.0
007 - CAMPO FIJO DE DESCRIPCIÓN FÍSICA--INFORMACIÓN GENERAL
campo de control de longitud fija t|
008 - DATOS DE LONGITUD FIJA--INFORMACIÓN GENERAL
campo de control de longitud fija 031014s1944 sp ||||1| spa d
110 2# - ENTRADA PRINCIPAL--NOMBRE DE ENTIDAD CORPORATIVA
Nombre de entidad corporativa o nombre de jurisdicción como elemento de entrada España.
Unidad subordinada Dirección General de Marruecos y Colonias.
9 (RLIN) 3752
245 10 - MENCIÓN DEL TÍTULO
Título Anuario de estadística y catastro de la Dirección de Agricultura /
Mención de responsabilidad, etc. Dirección General de Marrueos y Colonias.
260 ## - PUBLICACIÓN, DISTRIBUCIÓN, ETC.
Lugar de publicación, distribución, etc. [Madrid] :
Nombre del editor, distribuidor, etc. Dirección de Agricultura de los Territorios Españoles del Golfo de Guinea,
Fecha de publicación, distribución, etc. 1944.
300 ## - DESCRIPCIÓN FÍSICA
Extensión 160 p., map. pleg. ;
Dimensiones 25 cm.
650 #4 - PUNTO DE ACCESO ADICIONAL DE MATERIA--TÉRMINO DE MATERIA
Término de materia o nombre geográfico como elemento de entrada Catastro-
Subdivisión geográfica España.
9 (RLIN) 142175
651 #4 - PUNTO DE ACCESO ADICIONAL DE MATERIA--NOMBRE GEOGRÁFICO
Nombre geográfico España-
Subdivisión de forma Estadísticas.
9 (RLIN) 162174
710 1# - ENTRADA AGREGADA--NOMBRE DE ENTIDAD CORPORATIVA
Nombre de entidad corporativa o nombre de jurisdicción como elemento de entrada España.
Unidad subordinada Dirección de Agricultura de los Territorios Españoles del Golfo de Guinea.
9 (RLIN) 3692
852 ## - LOCALIZACIÓN
Ubicación ES-MaACL
Número de control de estantería B-13878
Holdings
Estatus retirado Estado de pérdida Estado de daño No para préstamo Biblioteca de origen Biblioteca actual Ubicación en estantería Fecha de adquisición Fuente de adquisición Total de préstamos Signatura topográfica completa Código de barras Visto por última vez Precio de reemplazo Tipo de ítem Koha
        Biblioteca del Ateneo de Madrid Biblioteca del Ateneo de Madrid Sala Pardo Bazán 17/01/2008     B-13878 1059787 23/02/2023 23/02/2023 Libro impreso